000 00586cam a2200193 4500500
005 20260405000323.0
041 _afre
042 _adc
100 1 0 _aTodorov, Tzvetan
_eauthor
245 0 0 _aLe combat d’Edward Said par Tzvetan Todorov
260 _c2006.
500 _a19
690 _aÉtats-Unis
690 _aOccident
690 _aOrient
690 _aTzvetan Todorov
786 0 _nPhilosophie magazine | 4 | 10-11 | 2006-11-01 | p. 9-9 | 1951-1787
856 4 1 _uhttps://shs.cairn.info/magazine-philosophie-magazine-2006-10-11-page-9?lang=fr&redirect-ssocas=7080
999 _c2035904
_d2035904